000 00333nam a22001457a 4500
008 210426b ||||| |||| 00| 0 eng d
020 _a9780070223370
041 _aeng
080 _211th
_a72
082 _a72
100 _a41
101 _aARK
245 _aMechanical Drawing CAD-Communications
_cFrench,Th.E
942 _2udc
_cBK
999 _c56759
_d56759